Culture Générale - Clic Quiz - La réponse est en emoji par IA #20 - Statistiques

Statistiques générales
  • Ce quiz a été pris 256 fois
  • Le résultat moyen est 24 sur 40
Statistiques - réponses
Hint Réponse % Correct
Shrek
94%
Kim Jong-un
94%
Adolf Hitler
93%
Buzz l'Éclair
93%
Rafael Nadal
91%
Thomas Pesquet
91%
Nikos Aliagas
87%
Moïse
85%
Shérif Woody
85%
Ramsès II
72%
Harry Kane
72%
Seong Gi-hun (no 456)
69%
Shazam
68%
Wilhelm II (Guillaume II)
67%
Toni Kroos
67%
James Rodriguez
66%
Horus
65%
Conchita Wurst
64%
Dominique Strauss Kahn
63%
Jean Rochefort
61%
Anubis
61%
Jamie Foxx
59%
James Brown
58%
Akhenaton
58%
Stéfanos Tsitsipás
57%
Rohff
56%
Jude Law
49%
Fred Astaire
47%
Billie Joe Armstrong (Greenday)
47%
Dustin Hoffman
45%
Jim Hopper (David Harbour)
45%
Claude Lévi-Strauss
37%
Richard Branson
33%
Dexter Holland (The Offspring)
30%
Jeff Buckley
30%
Cyril Ramaphosa
28%
Canelo Álvarez
24%
Jimmy Savile
20%
Erik Satie
18%
David Icke
16%
Aucun quiz correspondant
Distribution des résultats
% des personnes avec chaque résultat
Percentile par nombre de réponses
Votre historique - résultats
Vous n’avez pas pris ce quiz